书目信息 |
| 题名: |
晚安,宝贝
|
|
| 作者: | 菅波 主编 | |
| 分册: | ||
| 出版信息: | 北京 中国轻工业出版社 2020.01 |
|
| 页数: | 167页 | |
| 开本: | 17×19cm | |
| 丛书名: | “360度胎教故事”丛书 | |
| 单 册: | ||
| 中图分类: | G610.8 | |
| 科图分类: | ||
| 主题词: | 胎教--tai jiao--基本知识 , 胎教--tai jiao | |
| 电子资源: | ||
| ISBN: | 978-7-5019-8091-8 | |
| 000 | 00994nam 2200277 450 | |
| 001 | 0104125638 | |
| 005 | 20201104125713.0 | |
| 010 | @a978-7-5019-8091-8@dCNY29.80 | |
| 100 | @a20140429d2020 em y0chiy50 ea | |
| 101 | 0 | @achi |
| 102 | @aCN@b110000 | |
| 105 | @aa z 000yy | |
| 106 | @ar | |
| 200 | 1 | @a晚安,宝贝@Awan an,bao bei@e睡前10分钟胎教故事@f菅波主编 |
| 210 | @a北京@c中国轻工业出版社@d2020.01 | |
| 215 | @a167页@c彩图@d17×19cm | |
| 225 | 2 | @a“360度胎教故事”丛书@A360du tai jiao gu shi cong shu |
| 330 | @a本书分为和宝宝一起分享爱、和宝宝一起感受幸福、和宝宝一起体验快乐、让宝宝拥有一颗感恩的心、和宝宝一起倾听美妙的声音、和宝宝一起甜蜜入梦六个部分。 | |
| 461 | 0 | @12001 @a“360度胎教故事”丛书 |
| 517 | 1 | @a睡前10分钟胎教故事@Ashui qian 10 fen zhong tai jiao gu shi |
| 606 | 0 | @a胎教@Atai jiao@x基本知识 |
| 606 | 0 | @a胎教@Atai jiao |
| 690 | @aG610.8@v5 | |
| 701 | 0 | @a菅波@Ajian bo@4主编 |
| 801 | 0 | @aCN@bBJSZM@c20201104 |
| 905 | @b1261530-3@dG610.8@e1266@f4 | |
| 晚安,宝贝:睡前10分钟胎教故事/菅波主编.-北京:中国轻工业出版社,2020.01 |
| 167页:彩图;17×19cm.-(“360度胎教故事”丛书) |
| ISBN 978-7-5019-8091-8:CNY29.80 |
| 本书分为和宝宝一起分享爱、和宝宝一起感受幸福、和宝宝一起体验快乐、让宝宝拥有一颗感恩的心、和宝宝一起倾听美妙的声音、和宝宝一起甜蜜入梦六个部分。 |
| ● |
| 相关链接 |
|
|
|
|
正题名:晚安,宝贝
索取号:G610.8/1266
 
预约/预借
| 序号 | 登录号 | 条形码 | 馆藏地/架位号 | 状态 | 备注 |
| 1 | 1261530 | 212615302 | 第一样本阅览室/ [索取号:G610.8/1266] | 在馆 | |
| 2 | 1261531 | 212615311 | 教育系资料室/ [索取号:G610.8/1266] | 在馆 | |
| 3 | 1261532 | 212615320 | 教育系资料室/ [索取号:G610.8/1266] | 在馆 | |
| 4 | 1261533 | 212615339 | 第四借阅区/ [索取号:G610.8/1266] | 在馆 |